LEADER 01402nam a2200301 a 4500 001 000000137130 003 CaOOAMICUS 005 20140127111341.0 008 140127s1994 it u000 u ita r 020 $z88-220-6156-X* 040 $aPUL$bita 082 04$a947.086 100 1 $aColombo, Arrigo,$d1921-$0(OLS)http://pul/name/9008 245 13$aLa Russia e la democrazia :$bil riemergere della democrazia diretta /$cArrigo Colombo. 260 $aBari :$bedizioni Dedalo,$c©1994. 300 $a156 p. ;$c21 cm. 490 1 $aNuova Biblioteca Dedalo.$a"L'utopia, per una società giusta e fraterna" ;$v156 651 4$aRussia$xStoria$ySec. XX.$0(OLS)http://pul/subject/9893 651 4$aRussia$xPolitica e governo$ySec. XX.$0(OLS)http://pul/subject/9765 830 0$aNuova Biblioteca Dedalo.$p"L'utopia, per una società giusta e fraterna" ;$v156.$0(OLS)http://pul/title/92176 850 $aPUL 852 $aPUL$W1$xDP2 Filosofia 3$y112$m947. 086 COLAR 1$j158143$qDDC 21$B157562$CPULBib$Z2$F157562 $H90621 $82 941 1 $a9 996 $6020$z88-220-6156-X*$9(OLS)http://pul/number/154362 996 $6082$a947.086$9(OLS)http://pul/classification/2238 996 $6245$aLa Russia e la democrazia :$bil riemergere della democrazia diretta$9(OLS)http://pul/title/173599 996 $6260$aBari :$bedizioni Dedalo$9(OLS)http://pul/publisher/80778 LEADER 02243nam a2200397 i 4500 001 000000105259 003 CaOOAMICUS 005 20070524161709.0 008 070524s2001 it 000 u ita c 020 $a88-311-3159-1 (v. 2) 020 $a88-311-3158-3 (v. 1) 040 $aPUL$bita$dES 041 1 $aita$hgrc 100 0 $aEusebius Caesariensis,$cvesc.,$dc. 260/265-339/340.$0(OLS)http://pul/name/4567 245 10$aStoria ecclesiastica /$cEusebio di Cesarea ; introduzione a cura di Franzo Migliore. 260 $aRoma :$bCittà Nuova,$cc2001. 300 $a2 v. ;$c21 cm 490 1 $aCollana di testi patristici ;$v158-159 504 $aBibliografia in nota 505 0 $av. 1. Traduzione e note Libri I-IV a cura di Salvatore Borzì , Tradzione e note libro V a cura di Franzo Migliore. -- v. 2. Traduzione e note Libri VI-VII a cura di Franzo Migliore , Traduzione e note Libri VIII-X a cura di Giovanni Lo Castro 700 1 $aMigliore, Franzo.$0(OLS)http://pul/name/54189 700 1 $aBorzì, Salvatore,$d1972-$0(OLS)http://pul/name/64681 700 1 $aLo Castro, Giovanni.$0(OLS)http://pul/name/64672 700 0 $aEusebius Caesariensis,$cvesc.,$dc. 260/265-339/340.$tHistoria ecclesiastica.$0(OLS)http://pul/nameTitle/361$0(OLS)http://pul/name/4567$0(OLS)http://pul/title/132434 830 0$aCollana di testi patristici ;$v158-159.$0(OLS)http://pul/title/17027 850 $aPUL 852 $aPUL$W1$xSL Cons. Gen., Altre Classi 1$y1$m2000 E 158$j117968$qStampati$B117886$CPULBib$Z2$F117886 $H84480 $82 852 $aPUL$W1$xSL Cons. Gen., Altre Classi 1$y1$m2000 E 159$j117969$qStampati$B117887$CPULBib$Z2$F117887 $H84499 $82 900 $aEusebio di Cesarea,$cvesc. di Cesarea,$dc. 265-c. 340$94567 900 $aEusebio di Cesarea,$cvesc. di Cesarea,$dc. 265-c. 340$94567 900 $aEusebio di Cesarea,$cvesc. di Cesarea,$dc. 265-c. 340$94567 941 1 $a8 996 $6020$a88-311-3159-1 (v. 2)$9(OLS)http://pul/number/134511 996 $6020$a88-311-3158-3 (v. 1)$9(OLS)http://pul/number/134510 996 $6245$aStoria ecclesiastica$9(OLS)http://pul/title/20259 996 $6260$aRoma :$bCittà Nuova$9(OLS)http://pul/publisher/47927